The necessity for ruins, and other topics/ (Record no. 353567)

000 -LEADER
fixed length control field 00657nam a22002177a 4500
003 - CONTROL NUMBER IDENTIFIER
control field OSt
005 - DATE AND TIME OF LATEST TRANSACTION
control field 20180116192412.0
008 - FIXED-LENGTH DATA ELEMENTS--GENERAL INFORMATION
fixed length control field 121129t1980 xxu||||| |||| 00| 0 eng d
020 ## - INTERNATIONAL STANDARD BOOK NUMBER
International Standard Book Number 9780870232923
020 ## - INTERNATIONAL STANDARD BOOK NUMBER
International Standard Book Number 0870232924
040 ## - CATALOGING SOURCE
Transcribing agency 0
082 ## - DEWEY DECIMAL CLASSIFICATION NUMBER
Classification number 917.3
100 1# - MAIN ENTRY--PERSONAL NAME
Personal name Jackson, John Brinckerhoff
9 (RLIN) 6006
245 14 - TITLE STATEMENT
Title The necessity for ruins, and other topics/
Statement of responsibility, etc. Jackson, John Brinckerhoff
260 ## - PUBLICATION, DISTRIBUTION, ETC.
Place of publication, distribution, etc. Amherst :
Name of publisher, distributor, etc. The Massachusetts Press;
Date of publication, distribution, etc. 1980
300 ## - PHYSICAL DESCRIPTION
Extent 129p. :
Dimensions 22 cm.
650 ## - SUBJECT ADDED ENTRY--TOPICAL TERM
Topical term or geographic name entry element Landscape assessment
Geographic subdivision United States
9 (RLIN) 6007
650 ## - SUBJECT ADDED ENTRY--TOPICAL TERM
Topical term or geographic name entry element Travel
9 (RLIN) 6008
942 ## - ADDED ENTRY ELEMENTS (KOHA)
Source of classification or shelving scheme
Koha item type Book
Holdings
Withdrawn status Lost status Source of classification or shelving scheme Damaged status Not for loan Permanent Location Current Location Date acquired Total Checkouts Total Renewals Full call number Barcode Date last seen Date last checked out Cost, replacement price Price effective from Koha item type
          School of Art Design and Architecture (SADA) School of Art Design and Architecture (SADA) 11/20/2012 1 1 917.3 JAC 1980 SADA0001886 04/30/2015 03/27/2015 1608.00 11/29/2012 Book
© 2023 Central Library, National University of Sciences and Technology. All Rights Reserved.